[Event "EU-ch 11th"]
[Site "Rijeka"]
[Date "2010.03.16"]
[Round "10"]
[White "Safarli, Eltaj"]
[Black "Pashikian, Arman"]
[Result "0-1"]
[WhiteElo "2606"]
[BlackElo "2652"]
[Annotator "Mikhalchishin,A"]
[PlyCount "78"]
[EventDate "2010.03.06"]
[EventType "swiss"]
[EventRounds "11"]
[EventCountry "CRO"]
[SourceTitle "CBM 136"]
[Source "ChessBase"]
[SourceDate "2010.05.18"]
[SourceVersion "1"]
[SourceVersionDate "2010.05.18"]
[SourceQuality "1"]

1. e4 e5 2. Nf3 Nc6 3. Bb5 Nf6 4. Qe2 {Safarli is an extremely talented junior
from Azerbaijan - he reminds me of the young Mamedyarov. Both have the same
quality - they avoid main theoretical lines.} Bc5 ({Here specialists prefer
Oleg Romanishin's beautifully smart idea} 4... Qe7 5. c3 a6 6. Ba4 d6 7. d4 Bd7
8. O-O g6) 5. c3 ({A not recomended variation would be} 5. Bxc6 bxc6 6. Nxe5 (
6. d3 d6 7. Be3 Bxe3 8. fxe3 {is very playable.}) 6... Qe7 7. Nd3 Ba6 8. Nc3
O-O 9. O-O Rfe8 {with beautiful compensatiopn for the temporarily sacrificed
pawn.}) 5... O-O 6. d3 ({Once more, it was rather dangerous to try to win the
pawn on e5:} 6. Bxc6 bxc6 7. Nxe5 d6 8. Nxc6 Qd7 9. Nd4 Nxe4 10. d3 Ba6 11. O-O
Rae8 {with huge development activity for a mere pawn.}) 6... Re8 (6... d6 {
In such positions Black generally tries to avoid the unpleasant pin, but here
it is not so dangerous.} 7. Bg5 h6 8. Bh4 g5 9. Bg3 Bd7 10. Nbd2 a6 11. Ba4 Nh5
{and Black has a very active position.}) 7. Bg5 h6 8. Bh4 Be7 9. Nbd2 d6 10.
O-O-O $146 ({Possible was also the typical transfer of the knight before
castling - the idea is to avoid the sometimes unnecessary move Rf1-e1.} 10. Nf1
a6 11. Ba4 Nd7 12. Bg3 Nb6 13. Bb3 a5 14. a4 Be6 15. Bxe6 fxe6 16. Ne3 Rf8 17.
O-O Bg5 18. Nxg5 Qxg5 19. f3 Nd7 20. Kh1 Nf6 21. Bf2 Nh5 22. g3 Nf6 23. Nc4 Qh5
24. Rae1 d5 {Tiviakov,S (2670)-Eljanov,P (2717)/Sibenik 2009/CBM 132 Extra/1-0
(74). with very complicated play with some edge for White.  But Safarli's move
shows, that White is ready for a total attack.}) 10... Bd7 11. Rhg1 ({The
logical improvement of the pieces by} 11. Nc4 a6 12. Bxc6 Bxc6 13. Ne3 b5 14.
Nf5 Bd7 15. g4 {would be a much more logical development of the attacking plan,
but youth has no time to wait!}) 11... a6 12. Bxc6 (12. Ba4 $2 {would be a
positional mistake:} Nd4 $1 13. cxd4 Bxa4 14. b3 Bb5 15. dxe5 dxe5 16. Nc4 Nd7
17. Bg3 Bf6 18. Kb1 a5 {and the attack on the queen's flank starts.}) 12...
bxc6 ({It is always unclear in similar situations, how to recapture. With the
bishop was probably weaker:} 12... Bxc6 13. Nc4 b5 14. Ne3 a5 15. g4 b4 16. c4
{as it is not possible to launch an attack against the white king.}) 13. g4 $6
({Clearly weaker was} 13. Bxf6 Bxf6 14. g4 Rb8 15. Nc4 d5 16. Ne3 Be6 17. Nf5
d4 18. cxd4 exd4 19. Kb1 c5 20. Qd2 $5 Qd7 {and sooner or later the b-file
will be exploited for the attack.}) ({Opening the centre is not logical either:
} 13. d4 exd4 14. cxd4 Rb8 15. Kb1 Qc8 16. Rc1 Qb7 17. Rc2 c5 $36) (13. h3 $5)
13... Nxg4 14. Bg3 $6 ({After the exchange} 14. Bxe7 Qxe7 15. Rg2 Nf6 16. Nh4
Kh8 17. Rdg1 Rg8 {there is no visible attack on the kingside. But the move in
the game is very unusual - how White will exploit the g-file?}) 14... Rb8 (
14... c5 {was maybe better.}) 15. d4 $5 ({Opening the play is risky, but the
normal way was leading to a very comfortable game for Black:} 15. Nc4 c5 16.
Nfd2 Bf8 17. f3 Nf6 18. Ne3 Nh5) 15... exd4 16. cxd4 Qc8 17. h3 Qb7 18. b3 Nf6
19. Bf4 {White's only chance is to try to create some little tricks.} Kh8 ({
Ir was smarter to deflect the white queen from the kingside:} 19... Kh7 20. Qd3
Qb5 21. Qc2 Kh8) 20. Qe3 Bf8 ({Safer was} 20... Rg8 21. Kb2 a5 {and then
starting his own attack on the other side.}) 21. Bxh6 $5 {What to do in such
unfavourable situations - just change the course of the game with some wild
sac!} gxh6 22. Qf4 Re6 ({Of course not} 22... Bg7 $2 23. Rxg7 Kxg7 24. Rg1+ Kf8
25. Qxf6 Re6 26. Qg7+ Ke7 27. Nh4 {with the attack, which is just enough for a
draw.}) 23. e5 dxe5 24. Nxe5 ({The other capture is not better:} 24. dxe5 Nd5
25. Qxf7 Ba3+ 26. Kb1 Re7 27. Qg6 Qb4 28. e6 Qc3 $1 {winning.}) 24... Be8 25.
Ndc4 ({Not sufficient for serious counterplay was} 25. Ne4 Nxe4 26. Nxf7+ Bxf7
27. Qxf7 Ba3+ 28. Kb1 Re7 29. Qf4 Qb4 {winning.}) 25... Rd8 ({It was safer to
transfer the queen closer to the centre:} 25... Qb5) 26. Qf5 c5 {This is more
risky than} (26... Qb4) 27. d5 Rxd5 28. Ng6+ fxg6 29. Qxe6 Rxd1+ 30. Rxd1 Bg7 (
{It was safer to bring the pieces closer to each other:} 30... Kg7 31. Rd8 Bf7)
31. Rd8 Kh7 32. Ne5 Qh1+ 33. Kb2 Qe4 34. f3 Qe3 ({Here a tactical transition
into the endgame was possible:} 34... Bd7 35. fxe4 Bxe6) 35. Qe7 Bb5 36. f4
Qxf4 37. Rh8+ Kxh8 38. Nxg6+ Kh7 39. Nxf4 Ng8+ $1 {This important double
attack had to be foreseen 5 moves ago.} 0-1

[Event "EU-ch (Women) 15th"]
[Site "Plovdiv"]
[Date "2014.07.07"]
[Round "2"]
[White "Melia, Salome"]
[Black "Ovod, Evgenija"]
[Result "1-0"]
[WhiteElo "2454"]
[BlackElo "2330"]
[Annotator "Mikhalchishin,A"]
[PlyCount "61"]
[EventDate "2014.07.06"]
[EventType "swiss"]
[EventRounds "11"]
[EventCountry "BUL"]
[SourceTitle "CBM 162"]
[Source "ChessBase"]
[SourceDate "2014.09.17"]
[SourceVersion "1"]
[SourceVersionDate "2014.09.17"]
[SourceQuality "1"]

1. e4 e5 2. Nf3 Nc6 3. Bb5 Nf6 4. O-O Bc5 5. Nxe5 Nxe4 (5... Nxe5 {would be
worse here:} 6. d4 c6 (6... Nxe4 7. dxc5 $1 Qe7 8. Re1 Nxf2 9. Qe2 $1 $18) (
6... Bd6 7. f4 $1 Ng6 8. e5 Be7 9. f5 $1 $16) 7. dxe5 Nxe4 8. Bd3 d5 9. exd6
Nf6 10. Bg5 Qxd6 11. Nc3 Be6 12. Bxf6 gxf6 13. Ne4 Qe5 14. Nxc5 Qxc5 15. Qf3
Qg5 16. a4 $16) 6. Qe1 $5 ({White plays a bit unusually. A very sharp option
here is} 6. Qg4 $5 Ng5 (6... Nxf2 7. Qxg7 Rf8 (7... Ne4+ 8. Kh1 Rf8 9. d4 $1
Bxd4 10. Rxf7 Qe7 11. Rxe7+ Nxe7 12. h4 $18) 8. Rxf2 Bxf2+ 9. Kxf2 Qh4+ 10. Kf1
Qxh2 11. Nf3 Qh1+ 12. Ng1 $16) ({The correct move led to the main line:} 6...
Nxe5 7. Qxe4 (7. Qxg7 Qf6) 7... Qe7) 7. d4 Nxe5 (7... d6 8. Nxc6 $18) 8. Re1 $1
O-O 9. Rxe5 d6 10. Qxg5 dxe5 (10... f6 11. Qd2 $16) 11. dxc5 Qd1+ 12. Bf1 b6
13. Qd2 Rd8 14. Qxd1 Rxd1 15. Nc3 Re1 16. Rb1 {winning, Ostapenko,A-Fomenko/
USSR 1970}) ({But the most common try is} 6. Qe2 Nxe5 7. Qxe4 Qe7 8. d4 Nc6 9.
Qg4 h5 10. Qxg7 Bxd4 11. Qg3 a6 12. Bc4 h4 $1 $146 (12... Be5) 13. Qf4 (13.
Qxc7 $2 h3 $1 (13... b5 14. Bd5 Be5 15. Qb6 Bd4 $11) 14. Qg3 hxg2 15. Qxg2 d6
$40) 13... d6 (13... h3 $5) 14. Bd5 (14. Nc3 Bxc3 15. bxc3 Ne5 $15) 14... Be5
15. Qc4 Bd7 16. c3 (16. Nc3 $5) 16... O-O-O 17. Nd2 Be6 (17... h3 18. g3 Be6
19. f4 Bg7 20. Nf3 Rde8 $44) 18. f4 Bf6 19. Ne4 Rde8 20. Re1 Bxd5 21. Qxd5 Qe6
22. Qxe6+ Rxe6 $11 {Svidler,P (2734)-Ivanchuk,V (2739)/Moscow 2009}) 6... Nxe5
7. d4 ({It was possible to transpose to Svidler-Ivanchuk here} 7. Qxe4 Qe7 8.
d4 Nc6) 7... Qe7 8. dxc5 {A sharp pawn sacrifice.} ({Here the same
transposition was possible:} 8. Qxe4 Nc6) 8... Nxc5 9. Nc3 c6 ({After any
other defence White's initiative for the pawn could be very unpleasant} 9... a6
10. Be2 O-O 11. Be3 d6 12. b4 Ne6 13. Nd5 Qd7 14. f4) 10. b4 ({A slightly more
precise move order would be} 10. f4 Ng4 11. b4 Na6 12. Bxa6 bxa6 13. Ba3 d6 14.
b5 c5 15. Qxe7+ Kxe7 16. Rfe1+ Kf6) 10... Na6 11. f4 ({Solid compensation for
the pawn was possible after} 11. Bxa6 bxa6 12. Qe3 O-O 13. f4 Ng6 14. f5 Qxe3+
15. Bxe3 Ne5 16. f6) 11... cxb5 12. fxe5 ({A more precise way was} 12. Qxe5
Qxe5 13. fxe5 Nc7 14. Be3 b6 15. a4 bxa4 16. Rxa4 {with strong pressure,but
White did not want to swap queens.}) 12... Qxb4 $2 ({White's initiative would
be unpleasant after the better} 12... O-O 13. Qg3 Nxb4 14. Bh6 f5 15. exf6 Rxf6
16. Rae1 Rxf1+ 17. Rxf1 d6 18. Bf4) 13. Qg3 $1 g6 ({Black's position was very
poor after} 13... O-O 14. Bh6 g6 15. Bxf8 Kxf8 16. Qf3 Qe7 17. Nd5 Qe6 18. Rf2
Ke8 19. Raf1) 14. Bh6 ({A better way of attack was the direct} 14. Qf3 O-O 15.
Bh6 Nc7 16. Ne4) 14... d5 15. exd6 Be6 {Black tries to develop at any price,
but it is very difficult.} 16. d7+ (16. Rab1 {was very good:} Qc5+ 17. Rf2
O-O-O 18. Nxb5) 16... Kxd7 17. Rfd1+ Kc8 18. Rab1 Qc5+ 19. Kh1 Rd8 20. Bg5 ({
Another way was a bit simpler} 20. Rxd8+ Kxd8 21. Rd1+ Kc8 22. Bg5) 20... Rd7
21. Ne4 Qc7 22. Nd6+ Kb8 23. Bf4 (23. Qe5 {was very strong.}) 23... Qc6 24.
Nxb5+ Kc8 25. Nd6+ Rxd6 26. Rxd6 {Black's position is hopeless.} Qc4 27. Rbd1
b6 28. Rd8+ Kb7 29. Qf3+ Qc6 30. R1d7+ Bxd7 31. Rxd7+ 1-0

[Event "USA-ch"]
[Site "Saint Louis"]
[Date "2017.04.01"]
[Round "4"]
[White "Caruana, Fabiano"]
[Black "Xiong, Jeffery"]
[Result "1/2-1/2"]
[WhiteElo "2817"]
[BlackElo "2674"]
[Annotator "Moradiabadi,E"]
[PlyCount "116"]
[EventDate "2017.03.29"]
[EventType "tourn"]
[EventRounds "11"]
[EventCountry "USA"]
[EventCategory "18"]
[SourceTitle "CBM 178"]
[Source "ChessBase"]
[SourceDate "2017.05.14"]
[SourceVersion "1"]
[SourceVersionDate "2017.05.14"]
[SourceQuality "1"]

1. e4 e5 2. Nf3 Nc6 3. Bb5 Nf6 4. d3 Bc5 5. c3 d5 {A rare line. Xiong hopes to
catch Fabiano off-guard in some rare lines. Well, we all can wish that...} 6.
exd5 Qxd5 7. Bc4 Qd6 8. b4 Bb6 9. a4 $5 $146 {Allowing e5-e4? At first sight,
this looks like a ridiculous move, but later moves show us how 'deeply'
Fabiano knows this rare line!} e4 10. dxe4 Qxd1+ 11. Kxd1 Nxe4 12. Kc2 $1 {
It takes the engines quite some time to realise White is doing well here! And
honestly, it is even harder as a player.} Nd6 13. Re1+ Ne7 14. Bb3 Bf5+ 15. Kb2
a5 16. Bf4 Bxf2 17. Re2 Bb6 18. Na3 Be6 19. Bxe6 fxe6 20. Bxd6 cxd6 21. Rxe6
Kd7 22. Rae1 Rhe8 23. Nc4 Bc7 24. Kb3 axb4 25. cxb4 Nf5 {In a slightly worse
middlegame, Jeffrey defended well and maintained approximate balance.} 26. R6e2
Rxe2 27. Rxe2 Re8 28. Rd2 Re4 29. a5 Kc6 $2 {Loss of two tempi!} (29... Ne3) (
29... h6 {are both fine.}) 30. b5+ Kd7 (30... Kxb5 31. Rd5+ {loses a piece.})
31. b6 $2 {This returns the favour.} (31. a6 bxa6 32. bxa6 Re8 33. Nfe5+ Ke6
34. Nc6 Ra8 35. Nb4 {would give White good winning chances according to Komodo
and colleagues!}) 31... Bb8 32. Nce5+ Kd8 33. h3 Ne7 {Now it is White who has
to be careful to maintain equality!} 34. Nc4 d5 35. Na3 Bd6 36. Nc2 Kd7 37. Rd3
h6 38. g4 Bc5 39. Nfd4 Nc6 40. Nxc6 Kxc6 41. Rd1 Rf4 42. Rd3 {} g5 43. Kc3 Ra4
44. Rf3 Kb5 45. Rf7 Kxa5 46. Rxb7 Rf4 47. Rd7 Rf3+ 48. Kd2 Kxb6 49. Rxd5 Rxh3
50. Nd4 Rg3 51. Nf5 Rg2+ 52. Kd3 Kc6 53. Re5 Rxg4 54. Nxh6 Rg1 55. Re4 Rg3+ 56.
Kc4 Rf3 57. Re6+ Bd6 58. Rg6 Rf4+ {A nice close battle and a good achievement
for Jeffrey Xiong, holding a second super GM to a draw with Black.} 1/2-1/2

[Event "DEN-ch"]
[Site "Esbjerg"]
[Date "1997.03.24"]
[Round "3"]
[White "Mortensen, Erling"]
[Black "Hansen, Lars Bo"]
[Result "0-1"]
[WhiteElo "2450"]
[BlackElo "2545"]
[Annotator "Mortensen,E"]
[PlyCount "120"]
[EventDate "1997.03.22"]
[EventType "tourn"]
[EventRounds "9"]
[EventCountry "DEN"]
[EventCategory "10"]
[SourceTitle "CBM 060"]
[Source "ChessBase"]
[SourceDate "1997.09.29"]
[SourceVersion "1"]
[SourceVersionDate "1997.09.29"]
[SourceQuality "1"]

1. e4 e5 2. Nf3 Nc6 3. Bb5 Nf6 4. Qe2 Bd6 5. c3 O-O 6. d3 Re8 7. Nbd2 a6 8. Ba4
b5 9. Bb3 Na5 10. Bc2 c5 11. O-O Bf8 12. Nb3 {White must prevent black from
playing Sc6 and d7-d5 with at least equality.} Nc6 13. a4 Bb7 14. Bg5 Rc8 15.
axb5 axb5 16. Nh4 ({Perhaps Perhaps} 16. Bxf6 Qxf6 17. Na5 Nxa5 18. Rxa5 Bc6
19. Bb3 $14 {with a tiny advantage should be preferred.}) 16... h6 17. Be3 d6
18. Nf5 Ne7 {A good defensive pove.} 19. Nxe7+ ({now} 19. g4 Ng6 {with the
idea d6-d5 looks fine for black.}) 19... Qxe7 20. f3 ({Safer was} 20. Ra7 Ra8
21. Rfa1 Rxa7 22. Rxa7 Ra8 23. Rxa8 Bxa8 24. f3 {followed by d3-d4 with a
slight advantage.}) 20... d5 21. Ra7 d4 22. Na5 Rc7 23. cxd4 {This gives the
black pieces the square c5. Perhaps 23. Lf2 was better.} (23. Bf2 $5) 23...
cxd4 24. Bf2 ({My plan was} 24. Bd2 Qc5 $1 25. Rxb7 Rxb7 26. Nxb7 Qxc2 $1 {
is clearly better for black, as} 27. b4 Bxb4 $17 {is not possible.}) 24... Bxe4
{A bit greedy} (24... Bc8 $142 $11) 25. Rxc7 Qxc7 26. fxe4 Qxa5 27. Bh4 Be7 28.
Bb3 {White has more than enough for the pawn.} Qb4 29. Qd1 Rf8 30. Be1 Qd6 31.
Bd2 Nh7 $2 {Now black gets some problems.} (31... Kh7 $142) 32. Qh5 Bf6 33. h4
Qe7 34. g3 Kh8 35. Kg2 $2 {Overlooking the trap in timetrouble} (35. Bc1 $142
$16 {to get a square for the queen black can hardly move.}) (35. Qg4 $142 {
with the idea Tc1 and maybe Tc8 was good. The b5-pawn could become very weak.})
35... g6 36. Qf3 ({The white Queen is trapped after} 36. Qxh6 Bg7 $19) 36... h5
37. g4 $5 Bxh4 $2 {Too risky} ({correct was} 37... hxg4 38. Qxg4 Kg7 {with
better chances for black}) 38. gxh5 $2 ({Probably} 38. Bh6 $142 {is winning e.
g.} hxg4 (38... Rc8 39. Qxf7 Qxf7 40. Rxf7 Bf6 41. g5 $18) 39. Qxg4 Bf6 40. Rh1
$18) 38... Bg5 39. Be1 Bf4 40. Rh1 Kg7 41. Bh4 g5 42. h6+ Kh8 43. Be1 g4 44.
Qd1 Rg8 45. Qc2 Qf6 46. Qc7 Rf8 47. Bh4 $2 {The last mistake..} (47. Qc5 $142 {
with some drawing chances}) 47... Bg5 48. Rf1 Qxh6 49. Bxg5 Qh3+ 50. Kf2 Qh2+
51. Ke1 Nxg5 52. Qe7 Qg3+ 53. Rf2 Qe3+ 54. Kf1 Qxd3+ 55. Re2 Qh3+ 56. Rg2 Qh1+
57. Rg1 Qf3+ 58. Ke1 Qxe4+ 59. Kf1 Qd3+ 60. Kg2 Qf3+ 0-1

[Event "Sigeman & Co 12th"]
[Site "Malmo/Copenhagen"]
[Date "2004.05.08"]
[Round "8"]
[White "Hector, Jonny"]
[Black "Nielsen, Peter Heine"]
[Result "1/2-1/2"]
[WhiteElo "2512"]
[BlackElo "2628"]
[Annotator "Mueller,Karsten"]
[PlyCount "120"]
[EventDate "2004.04.30"]
[EventType "tourn"]
[EventRounds "9"]
[EventCountry "SWE"]
[EventCategory "13"]
[SourceTitle "CBM 101"]
[Source "ChessBase"]
[SourceDate "2004.07.27"]
[SourceVersion "1"]
[SourceVersionDate "2004.07.27"]
[SourceQuality "1"]

1. e4 e5 2. Nf3 Nc6 3. Bb5 Nf6 4. d4 exd4 5. e5 Ne4 6. O-O a6 7. Bxc6 dxc6 8.
Re1 Nc5 9. Nxd4 Ne6 10. Ne2 Qxd1 11. Rxd1 Bd7 12. Nbc3 O-O-O 13. Be3 g6 14. Ne4
Bg7 15. f4 b6 16. b4 Bf8 17. a3 Be7 18. c4 Ng7 19. c5 Kb7 20. N2c3 Bg4 21. Rxd8
Rxd8 22. cxb6 cxb6 23. Na4 c5 24. bxc5 Rd3 25. c6+ Kxc6 26. Rc1+ Kd5 27. Nf2
Rxe3 28. Nxb6+ Ke6 29. Nxg4 Rb3 30. Nc4 Nf5 31. Nf2 Bc5 32. g4 Nd4 33. Kf1 Rf3
34. Nd2 Nb3 35. Rxc5 (35. Nxf3 $5 {was the alternative. war die Alternative.})
35... Nxd2+ 36. Ke1 Rxf2 $1 {a nice combination.  eine schöne Kombination} 37.
Rc6+ (37. Kxf2 $4 Ne4+ $19) 37... Kd7 38. Rd6+ Ke7 39. Kxf2 Ne4+ 40. Ke3 Nxd6
41. exd6+ Kxd6 $11 42. Kd4 h5 (42... a5 $2 43. g5 Ke6 44. Kc5 Kf5 45. Kb5 Kxf4
46. h4 $1 Kg4 47. Kxa5 Kxh4 48. Kb5 Kxg5 49. a4 f5 50. a5 f4 51. Kc4 Kg4 52. a6
f3 53. Kd3 Kg3 54. a7 f2 55. Ke2 Kg2 56. a8=Q+ $18) 43. gxh5 gxh5 44. Ke4 Ke6
45. a4 h4 46. f5+ Kd6 47. Kf4 f6 48. Kg4 Ke5 49. a5 h3 50. Kxh3 Kxf5 51. Kg3
Kg5 52. Kf3 Kh4 $1 {The distant white passed pawn is surprisingly of no value
here.  der entfernte weiße Freibauer ist überraschenderweise nicht zu verwerten
} 53. Kf4 Kh3 54. Kf5 Kxh2 55. Kxf6 Kg3 56. Ke5 Kg4 57. Kd6 Kf5 58. Kc6 Ke6 59.
Kb7 Kd7 60. Kxa6 Kc8 1/2-1/2